000 00749nam a22002537a 4500
003 DO-SdBNP
005 20240313073820.0
007 ta
008 210914b 2018 dr 00| 0 eng d
020 _a9789945169003
040 _aDO-SdBNP
_bspa
_cBNPHU
082 4 _2BNPHU
100 1 _aCarrón Namnún, Heyden
_975066
245 1 0 _aOrlando, humano y ajeno /
_cHeyden Carrion.
250 _a2a ed.
260 _aSanto Domingo :
_bFUNGLODE,
_c2018.
300 _a220 p. ;
_c24 cm.
500 _aIncluye datos biográficos del autor en las solapas
586 _aFunglode Novela Federico García Godoy, 2016
590 _aInventariado, 2018/ YL
710 2 2 _aFundación Global Democracía y Desarrollo
_925477
910 _aBtavárez
942 _2ddc
_cLBS1
999 _c50497
_d50497